000 01323nam a22002537a 4500
001 4310
003 FISKH
005 20240717104407.0
008 240717b cb ||||| |||| 00| 0 eng d
020 _a9780590195706
040 _aFISKH
_beng
_cFISKH
_dFISKH
050 _aML3928.C69
082 _a780
100 _aCox, Michael
245 _aMind-blowing music /
_cBy Michael Cox ; illustrated by Philip Reeve
260 _aLondon :
_bScholastic,
_c1997.
300 _a159 pages :
_billustrations ;
_c20 cm
490 _aThe knowledge
520 _aPresenting a mind-blowing line-up of musical talent! Superstar Rock n' Roll legends Elvis, Chuck Berry, Little Richard! Cool classical megastars Mozart, Beethoven, Pavarotti! Mega pop legends The Beatles, The Sex Pistols, Oasis! AND many more special guests... Tune in to all sorts of COOL musical happenings, from the birth of the blues to the AMAZING invention of a sound recording machine. Get into the groove with MIND-BOGGLING musical instruments, and read about a tragedy that sparked the biggest MUSICAL EXPLOSION ever. PLUS how to become and overnight pop sensation! If you want to be in the know, get The Knowledge!
650 _aHistory And Criticismmusic
_xMusic
700 _aReeve, Philip
_eillustrator
942 _2ddc
_cBK
_n0
999 _c4310
_d4310